Sino India Towards Grave Confrontation/ (Record no. 171929)

MARC details
000 -LEADER
fixed length control field 00667nam a2200193 4500
005 - DATE AND TIME OF LATEST TRANSACTION
control field 20200123130038.0
010 ## - LCCN (DPL NO)
LC control number ENG-127531
020 ## - INTERNATIONAL STANDARD BOOK NUMBER
Terms of availability 1495.00
International Standard Book Number 9789385995590
035 ## - SYSTEM CONTROL NUMBER
System control number EN-111063
037 ## - SOURCE OF ACQUISITION
Source of stock number/acquisition DBAD/PUB
082 ## - DEWEY DECIMAL CLASSIFICATION NUMBER
Classification number 327.54051
100 ## - MAIN ENTRY--PERSONAL NAME
Personal name Rathore,Harsh Vardhan
245 ## - TITLE STATEMENT
Title Sino India Towards Grave Confrontation/
Statement of responsibility, etc by Harsh Vardhan Rathore
260 ## - PUBLICATION, DISTRIBUTION, ETC. (IMPRINT)
Place of publication, distribution, etc New Delhi
Name of publisher, distributor, etc Lenin Media
Date of publication, distribution, etc 2019
270 ## - ADDRESS
Address 204,2nd floor,Durga Complex,CSC.Mayur Vihar-II,
City New Delhi
Postal code 110092
Electronic mail address leninmediapublishers@gmail.com
300 ## - PHYSICAL DESCRIPTION
Extent ix;316p.
Dimensions 22cm(hb)
500 ## - GENERAL NOTE
General note includes bibliographical references and index
942 ## - ADDED ENTRY ELEMENTS (KOHA)
Source of classification or shelving scheme Dewey Decimal Classification
Item type English Books
Classification part 327.54051
Call number suffix Rat
Holdings
Withdrawn status Lost status Not for loan Collection code Home library Current library Date acquired Source of acquisition Cost, normal purchase price Full call number Barcode Copy number Cost, replacement price Koha item type
      Non-fiction Sarojini Nagar Sarojini Nagar 23/01/2020 DBAD/PUB 1495.00 327.54051 Rat EN-111063 1 1495.00 English Books

© Delhi Public Library
Hit Counter
free hit counter